Монголын өгүүллэгийн цоморлиг (Бичлэгийн дугаар. 44263)

MARC дэлгэрэнгүй
000 -Удирдлага
Ном зүйн бүртгэл тоо буюу кодлох утгыг агуулсан 02695 a2200253 4500
003 - ХЯНАЛТЫН ТОО ТОДОРХОЙЛОГЧ
Код MN-UlNLM
005 - ХАМГИЙН СҮҮЛИЙН ҮЕИЙН ХЭЛЦЛИЙН ОГНОО БА ЦАГ
Тухайн бичилтийг бичсэн засварласан сүүлийн огноо. 20220503170122.0
008 - ЕРӨНХИЙ МЭДЭЭЛЭЛ-ЭЛЕМЕНТҮҮДИЙН ӨГӨГДЛИЙН УРТ
fixed length control field a130t2003 mp ||||| |||| 00| 0 mon d
020 ## - ОЛОН УЛСЫН СТАНДАРТ НОМЫН ДУГААР-ISBN
Олон Улсын Стандарт Номын Дугаар 99929-7-028-6
040 ## - ЭХ СУРВАЛЖИЙГ ТОДОРХОЙЛОН БИЧИХ
Анхны каталогийн байгууллага Монгол Улсын Үндэсний номын сан
084 ## - БУСАД АНГИЛЛЫН ДУГААР
Ангиллын нэр Номын сан номзүйн ангилал
Анги 84(5Мон)-44
Зохиогчийн 3-н тэмдэгт М 695
Шинжлэх ухааны мэдлэгийн салбар Уран зохиол - 84
110 ## - ДЭЭД ГАРЧГИЙН МЭДЭЭ
Эрхлэн гаргасан байгууллагын нэр МЗЭ
245 1# - ҮНДСЭН ГАРЧИГ
Гарчиг Монголын өгүүллэгийн цоморлиг
Гарчигт хамааралтай мэдээ 1990 оноос хойш бичигдсэн зохиол
Оролцогчдын тухай мэдээ Эмхт. Ц.Буянзаяа, Х.Зандраабайдий, Л.Чулуунцэцэг
250 ## - ХЭВЛЭЛТИЙН ТУХАЙ МЭДЭЭ
Дахин хэвлэлтийн мэдээ 1
260 1# - ГАРАЛТЫН ТУХАЙ МЭДЭЭ
Хэвлэгдсэн газар УБ
Хэвлэлийн газар Соёмбо Принтинг
Хэвлэгдсэн он 2003
300 ## - ТООНЫ МЭДЭЭ
Хуудасны тоо 532х
490 ## - БОТИЙН/ЦУВРАЛЫН ТУХАЙ МЭДЭЭ
Ботийн/Цувралын дугаар 2
546 ## - ХЭЛНИЙ ТУХАЙ МЭДЭЭ
Хэл
653 ## - ТҮЛХҮҮР ҮГС
Түлхүүр үг Уран зохиол
-- Монголын уран зохиол өгүүллэг
740 ## - НОМЫН АГУУЛГЫН ГАРЧИГ
Номын гарчгууд С. Анударь - Ядаж чад, тэгээд.
-- Г. Аюурзана- Шүтэн бишрэгч.
-- Б. Бааст - Эргүү хөх будан.
-- Г. Бадамсамбуу - Явна.
-- Ж. Барамсай - Биегүй сүүдрүүд.
-- Ш. Ванчаарай - Сүнс.
-- Д. Батбаяр - Амрагийн тэнгэр.
-- Д. Батжаргал - Мөөг.
-- П. Баярсайхан - Цусны өвчин.
-- Ц. Буянзаяа - Шинэ цагийн Молом тойны намтар.
-- Ч. Галсан - Эх.
-- Б. Ганбат - Үүрэг.
-- Р. Ганбат - Хадлангийн оросууд.
-- Д. Гармаа - Орших, эс оршихын учир.
-- М. Гүрсэд - Өрлөг жанжны өчил.
-- Г. Дамба - Диваажингийн босго өндөр.
-- Б. Дариймаа - Зандан ээжийг минь асуувал.
-- С. Дашдооров - Бууж мордох хорвоо.
-- Ж. Дашзэгвэ - Цэцэг нялхарсан зун.
-- Б. Догмид - Хөх тэнгэрийн зарлиг.
-- Ц. Доржготов - Аймшигт амьсгаа.
-- Х. Зандраабайдий - Цаг бусын хувилгаад.
-- Ж. Лхагва - Хайрын зурвас.
-- Б.Лхагвасүрэн - Гурван сэрвэн.
-- Г. Ловор - Оньсого таалцсан нь.
-- С. Лочин - Нинаг буцаасан нь.
-- Н. Мандал - Үхлийн гурвалжин.
-- Ц.Мухар - Эрдэмтэн.
-- Д. Мягмар - Би хулгайч бас.
-- Н. Нагаанбуу - Найргийн аялгуу.
-- С. Надмид - Таахаг.
-- Д. Намсрай - Шар усны үер.
-- Д. Норов - Хулчгар.
-- Г. Нямаа - Дөрвөн нүдтэй халтар гөлөг.
-- С. Пүрэв - Элсний нүүдэл.
856 ## - ЭЛЕКТРОН БАЙРЛАЛ БА ХОЛБООС
Төрөл Хэвлэмэл ном
942 ## - ЭЛЕМЕНТИЙН ТӨРӨЛ
Төрөл Ном
Захиалгууд
Буцаан татагдсан төлөв Хасагдсан шалтгаан Гэмтсэн төлөв Данс заагч Захиалах боломжгүй Үндсэн номын сан Одоогийн байршил Салбар танхим Сан хөмрөг 5 Бүртгэсэн огноо Тавиурын заалт Баркод Үнэ Хамгийн сүүлд байсан огноо Салбар Нийт уншлаганд гарсан тоо Хамгийн сүүлд уншлаганд гарсан огноо Төрөл Бүрдүүлэлтийн эх үүсвэр Уншигчдад зориулсан мэдээлэл
          МУҮНомын сан салбар МУҮНомын сан салбар МУҮНС салбар | Язгуур танхим 8 давхар МУҮНС салбар | Язгуур танхим 8 давхар 2021-08-31 3841 03003841 9000.00 2024-10-25 0000030038 30 2024-10-25 Ном    
          МУҮНомын сан салбар МУҮНомын сан салбар МУҮНС салбар | Цахим танхим 3 давхар МУҮНС салбар | Цахим танхим 3 давхар 2022-01-25 609 000911000609 5240.00 2022-01-25       Цахим материал Худалдан авсан Киндлээр уншина
          МУҮндэсний Номын сан МУҮндэсний Номын сан МУҮНС төв | Ойр фонд МУҮНС төв | Ойр фонд 2021-08-31 3840 03003840 9000.00 2023-08-17 0000030038 10 2023-08-17 Ном